[Event "TUR-ch Seniors 65"]
[Site "Ankara"]
[Date "2023.05.22"]
[Round "4"]
[White "Yildiz, Demir Kursat"]
[Black "Celik, Fadil"]
[Result "1/2-1/2"]
[WhiteElo "1185"]
[BlackElo "1205"]
[PlyCount "169"]
[EventDate "2023.05.19"]
[EventType "swiss"]
[EventRounds "9"]
[EventCountry "TUR"]
[SourceTitle "CBM 214 Extra"]
[Source "ChessBase"]
[SourceDate "2023.07.31"]
[SourceVersion "1"]
[SourceVersionDate "2023.07.31"]
[SourceQuality "1"]

1. e4 c5 2. Nf3 e6 3. c3 d6 4. d4 cxd4 5. cxd4 Nf6 6. Nc3 Be7 7. Bb5+ Bd7 8. 0-0 0-0 9. Re1 a6 10. Ba4 b5 11. Bb3 Nc6 12. e5 Ne8 13. Bf4 d5 14. a3 f6 15. exf6 Nxf6 16. Be5 Na5 17. Bc2 Be8 18. b4 Nc4 19. Qb1 g6 20. Bf4 Ng4 21. Bg3 Qd7 22. h3 Nf6 23. Ne5 Nxe5 24. Bxe5 Rc8 25. Re3 Bd6 26. Qe1 Bxe5 27. Rxe5 Qc7 28. Re3 Bd7 29. Rd1 Rce8 30. Bb1 Nh5 31. Re5 Nf4 32. Rc1 Qb6 33. Qe3 Qd6 34. Ne2 Nxe2+ 35. Qxe2 Rf6 36. Rc3 Ref8 37. f3 Qb6 38. Rc5 Rf4 39. Qe3 Qd8 40. Rxe6 Bxe6 41. Qxe6+ Kg7 42. Rxd5 Qf6 43. Qxf6+ R4xf6 44. Rd7+ R8f7 45. Rd5 Re6 46. Be4 Rc6 47. Rc5 Rd6 48. d5 Rfd7 49. Kf2 Kf6 50. Ke3 h6 51. g4 g5 52. Kd4 Rb6 53. Rc8 Ra7 54. Rh8 Rbb7 55. Rxh6+ Kf7 56. Rh7+ Kf6 57. Rxb7 Rxb7 58. d6 Rd7 59. Kd5 Kf7 60. Kc6 Rd8 61. Kc7 Rh8 62. d7 Ke7 63. Bf5 Ra8 64. Kb7 Rd8 65. Kxa6 Ra8+ 66. Kxb5 Rxa3 67. Kb6 Rxf3 68. b5 Rxh3 69. Kb7 Rf3 70. Kc8 Rc3+ 71. Kb7 Kd8 72. b6 Rf3 73. Kc6 Rc3+ 74. Kd5 Rb3 75. Ke6 Rxb6+ 76. Ke5 Rb5+ 77. Kf6 Rb8 78. Kxg5 Ke7 79. Kh6 Kf6 80. Kh7 Rf8 81. Bg6 Rd8 82. Be8 Kg5 83. Kg7 Kxg4 84. Kf7 Rxd7+ 85. Bxd7+ 1/2-1/2